000 00435nam a2200193Ia 4500
005 20250423100353.0
008 250422s9999 xx 000 0 und d
020 _a9780321799135
050 _aTX 354 .T46/
100 _aThompson, Janice
245 0 _aNutrition for life
250 _a3rd ed.
260 _aBoston
260 _bPearson
260 _c2013
300 _a404 p
650 _aNutrition--Textbooks.
942 _cBK
999 _c33103
_d33103